[Event "ARG-ch U18"]
[Site "Buenos Aires"]
[Date "2019.03.01"]
[Round "1.2"]
[White "Kapitanchuk, Tomas"]
[Black "Salgado, Kevin"]
[Result "1-0"]
[WhiteElo "2251"]
[BlackElo "1627"]
[PlyCount "57"]
[EventDate "2019.03.01"]
[EventType "swiss"]
[EventRounds "9"]
[EventCountry "ARG"]
[SourceTitle "EXT 2024"]
[Source "ChessBase"]
[SourceDate "2023.10.10"]
[SourceVersion "1"]
[SourceVersionDate "2023.10.10"]
[SourceQuality "1"]

1. e4 e6 2. d4 d5 3. Nd2 dxe4 4. Nxe4 Bd7 5. Nf3 Bc6 6. Bd3 Nd7 7. 0-0 Ngf6 8. Ng3 g6 9. Bf4 Bg7 10. c4 0-0 11. Re1 Re8 12. Qe2 b6 13. Rad1 Qc8 14. Ne5 Bb7 15. h4 c5 16. dxc5 Nxc5 17. Bc2 Nfd7 18. h5 Nxe5 19. Bxe5 Qc6 20. f3 Nd7 21. Bxg7 Kxg7 22. h6+ Kg8 23. b4 Qc7 24. Be4 Re7 25. Bxb7 Qxb7 26. Ne4 f5 27. Rxd7 Rxd7 28. Nf6+ Kf8 29. Qxe6 1-0